000
00341nam a2200145Ia 4500
008
191201s2009 xx 000 0 und d
082
_a
005.133
_b
SEC
100
_a
Sebesta, Robert W
245
0
_a
Concept of Programming Languages
250
_a
IMP
260
_a
N.Delhi
_b
pearson
_c
2009
300
_a
763
650
_a
MCA
942
_2
ddc
_c
BK
999
_c
4185
_d
4185